Water and Wastewater Technology / (Record no. 995)

MARC details
000 -LEADER
fixed length control field 00689nac a22001931u 4500
008 - FIXED-LENGTH DATA ELEMENTS--GENERAL INFORMATION
fixed length control field 100914t2004 xxu||||| |||| 001 0 eng d
020 ## - INTERNATIONAL STANDARD BOOK NUMBER
International Standard Book Number 0131911406 (pbk.)
082 ## - DEWEY DECIMAL CLASSIFICATION NUMBER
Classification number 628.1
Item number HAM
100 ## - MAIN ENTRY--PERSONAL NAME
Personal name Hammer, Mark J.
9 (RLIN) 19048
245 ## - TITLE STATEMENT
Title Water and Wastewater Technology /
Statement of responsibility, etc Mark J. Hammer
250 ## - EDITION STATEMENT
Edition statement 5th ed.
260 ## - PUBLICATION, DISTRIBUTION, ETC. (IMPRINT)
Place of publication, distribution, etc Upper Saddle River, N.J. :
Name of publisher, distributor, etc Prentice Hall/Pearson Education International,2004
Date of publication, distribution, etc 2004.
300 ## - PHYSICAL DESCRIPTION
Extent vii, 540 p. :
Other physical details ill. ;
Dimensions 26 cm.
504 ## - BIBLIOGRAPHY, ETC. NOTE
Bibliography, etc Includes bibliographical references and index.
650 ## - SUBJECT ADDED ENTRY--TOPICAL TERM
Topical term or geographic name as entry element Water-supply engineering.
9 (RLIN) 19049
650 ## - SUBJECT ADDED ENTRY--TOPICAL TERM
Topical term or geographic name as entry element Sewage disposal.
9 (RLIN) 19050
700 ## - ADDED ENTRY--PERSONAL NAME
Personal name Hammer, Mark J.,
Dates associated with a name 1957-
9 (RLIN) 19051
942 ## - ADDED ENTRY ELEMENTS (KOHA)
Item type Book - Borrowing
Call number prefix 628.1HAM
Source of classification or shelving scheme Dewey Decimal Classification
Holdings
Withdrawn status Item status Source of classification or shelving scheme Damaged status Not for loan Vendor Home library Current library Shelving location Date acquired Source of acquisition Cost, normal purchase price Total Checkouts Total Renewals Full call number Barcode Date last seen Date last borrowed Cost, replacement price Koha item type
    Dewey Decimal Classification       Central Library Central Library First floor 06/08/2015   550.00 4 40 628.1HAM 000003513 15/07/2025 08/10/2023 687.50 Book - Borrowing
    Dewey Decimal Classification       Central Library Central Library First floor 14/09/2010   550.00 4 23 628.1HAM 000002199 15/07/2025 24/12/2017 687.50 Book - Borrowing